| 000 | 01354nam a2200349 a 4500 | ||
|---|---|---|---|
| 999 |
_c203677 _d203677 |
||
| 003 | BLK | ||
| 005 | 20240615164319.0 | ||
| 008 | 180411b bul|||||r ||||||| ||bul|| | ||
| 010 | _aKNG00213216000 | ||
| 020 | _a978-954-660-471-2 | ||
| 040 | _aBLK | ||
| 041 |
_aBUL _cBUL |
||
| 072 | 7 |
_2bullib _aН85 _xДетска художествена литература Н |
|
| 080 |
_aЛитература на отделни езици и езикови семейства _b821 _x-93-34 _z821-93-34 |
||
| 139 |
_aЦветята на малката Ида _bЦ 37 |
||
| 245 | 1 | 0 |
_aЦветята на малката Ида _cхудож. Кирил Танев Танев. |
| 257 | _aBGR | ||
| 260 |
_aСофия _bПАН _c2014 _fСофия : Хермес прес |
||
| 300 |
_a10 с. _bс цв. ил. _c24 см |
||
| 380 | _aDX | ||
| 490 |
_aМоята първа приказка _9201815 |
||
| 500 | _aКор. опис. - Името на ил. отбелязано в изд. каре. | ||
| 700 | 1 |
_aТанев, Кирил Танев _eхудож. _9378444 |
|
| 852 | _aЦб 287542 | ||
| 856 | 4 |
_qpdf _i0.00 _ldisable |
|
| 856 | 4 |
_qpdf _i0.00 _ldisable |
|
| 942 |
_cKNG _n0 _014 _s1 |
||
| 944 |
_aCR _c13.10.2017 _k30540 _lСевдалина Тодорова |
||
| 944 |
_aED _c27.11.2017 _kГрета_Цуфелде |
||
| 999 | _d203677 | ||
| 999 | _d203677 | ||